|
|
|
|
| LEADER |
00000nam a22000007a 4500 |
| 005 |
20210517213647.0 |
| 007 |
cr|||| |||| |
| 008 |
210517s2012 co |||||s|||| 00||0 spa d |
| 020 |
|
|
|a 978-958-762-058-0
|
| 035 |
|
|
|a 33332
|
| 040 |
|
|
|a vLex
|
| 090 |
|
|
|c 11698
|d 11698
|
| 100 |
1 |
|
|a Caballero Miguez, Iria
|
| 245 |
1 |
0 |
|a Comercio Internacional
|h [Recurso electrn̤ico] :
|b Una visin̤ general de los instrumentos operativos del comercio exterior /
|c Iria Caballero Miguez, Carmen Padn̕ Fabeiro, Nestor Javier Contreras Fierro
|
| 256 |
|
|
|a Servicio en ln̕ea
|
| 260 |
|
|
|a Bogot:̀
|b Ediciones de la U,
|c 2012
|
| 300 |
|
|
|a 1 recurso electrn̤ico
|
| 500 |
|
|
|a Por comercio internacional se entiende el intercambio de bienes econm̤icos que se efecta︢ entre los habitantes de dos o ms̀ naciones, de tal manera que se d ̌origen a salidas de mercanca̕ de un pas̕ exportaciones y entradas de mercanca̕s procedentes de otros pas̕es importaciones. El objetivo fundamental de este libro es adquirir los conocimientos ter̤icos y prc̀ticos necesarios sobre los instrumentos operativos del comercio exterior. Podr ̀conocer los entresijos del comercio internacional, sus operaciones, sus modalidades operativas, los elementos participantes, los grupos de mercado operativos, etc, as ̕como la contratacin̤ internacional y la banca en las operaciones de comercio exterior: cobros y pagos.
|
| 506 |
1 |
|
|a Disponible solo en los productos indicados
|d vLex Global
|d vLex Global (Academic Edition, excluding Law Schools)
|d vLex Global (U.S. Academic Edition, Law Schools)
|d vLex Global (U.S. Academic Edition, excluding Law Schools)
|d vLex Global (Academic Edition, Law Schools)
|
| 650 |
0 |
4 |
|a Comercio
|z Colombia
|
| 700 |
1 |
|
|a Padn̕ Fabeiro, Carmen
|
| 700 |
1 |
|
|a Contreras Fierro, Nestor Javier
|
| 740 |
0 |
|
|a vLex Libros (Servicio en ln̕ea)
|
| 856 |
4 |
0 |
|u https://vlex.com/source/comercio-internacional-una-vision-general-de-los-instrumentos-operativos-del-comercio-exterior-33332
|z Acceso restringido
|
| 942 |
|
|
|c BOOK
|
| 999 |
0 |
|
|a Commerce
|